Statistiques concernant Culture Générale - Série 1589

Cliquez ici pour prendre le quiz!

Statistiques générales

  • Ce quiz a été pris 55 fois
  • Le résultat moyen est 6 sur 10

Statistiques - réponses

Question Réponse % Correct
Quel est le dessert italien, dont le nom signifie littéralement : "remonte-moi" ?tiramisu
88%
Quel roi de France nomma Louis Le Vau premier architecte ?Louis XIV
78%
Actuellement, dans quelle religion retrouve-t-on Brahma, Shiva et Vishnou ?hindouisme
78%
Quel comédien britannique incarne Charles dans la comédie "Quatre mariages et un enterrement" ?Hugh Grant
69%
Quel journaliste américain, d'origine hongroise, a institué depuis 1917, des prix de journalisme et de littérature qui portent son nom ?Joseph Pulitzer
59%
A quel pays appartiennent les régions de Basilicate et Molise ?Italie
59%
Dans quelle ville du Japon se sont déroulés les jeux Olympiques d'hiver de 1998 ?Nagano
49%
Dans quelle chanson de Serge Gainsbourg, Brigitte Bardot et Jane Birkin ont-elles chacune à leur tour lancé des : "Shebam ! Pow ! Blop ! Wizz !" ?Comic Strip
35%
A quel romancier français, prénommé Maxime, maître du polar, doit-on "La Trilogie du mal" ?Maxime Chattam
29%
Quel metteur en scène, prénommé Olivier, a réalisé le film "La Môme" en 2007 ?Olivier Dahan
29%

Distribution des résultats

Percentile by Number Answered

% des personnes avec chaque résultat

Votre développement - résultats

Vous n’avez pas pris ce quiz